<?xml version="1.0" encoding="UTF-8"?>
<record
    xmlns:xsi="http://www.w3.org/2001/XMLSchema-instance"
    xsi:schemaLocation="http://www.loc.gov/MARC21/slim http://www.loc.gov/standards/marcxml/schema/MARC21slim.xsd"
    xmlns="http://www.loc.gov/MARC21/slim">

  <leader>00588nam a22001217a 4500</leader>
  <datafield tag="040" ind1=" " ind2=" ">
    <subfield code="c">RUA</subfield>
  </datafield>
  <datafield tag="082" ind1=" " ind2=" ">
    <subfield code="a">AVM CHO 2025 B705 Or.1</subfield>
  </datafield>
  <datafield tag="100" ind1=" " ind2=" ">
    <subfield code="a">CHORY SARUN, &#x1785;&#x1799; &#x179F;&#x17B6;&#x179A;&#x17BB;&#x1793;</subfield>
  </datafield>
  <datafield tag="245" ind1=" " ind2=" ">
    <subfield code="a">Effece of namvars banana in the diet for growthing quail meat by giving and not giving basmix, &#x17A5;&#x1791;&#x17D2;&#x1792;&#x17B7;&#x1796;&#x179B;&#x1798;&#x17D2;&#x179F;&#x17C5;&#x1785;&#x17C1;&#x1780;&#x178E;&#x17B6;&#x17C6;&#x179C;&#x17C9;&#x17B6;&#x1785;&#x17B6;&#x179F;&#x17CB;&#x179B;&#x17BE;&#x1780;&#x17B6;&#x179A;&#x179B;&#x17BC;&#x178F;&#x179B;&#x17B6;&#x179F;&#x17CB;&#x1780;&#x17D2;&#x179A;&#x17BD;&#x1785;&#x179F;&#x17B6;&#x1785;&#x17CB; &#x178A;&#x17C4;&#x1799;&#x1795;&#x17D2;&#x178A;&#x179B;&#x17CB;&#x1793;&#x17B7;&#x1784;&#x1798;&#x17B7;&#x1793;&#x1795;&#x17D2;&#x178A;&#x179B;&#x17CB;&#x1794;&#x17B6;&#x179F;&#x17D2;&#x1798;&#x17B7;&#x1785;</subfield>
  </datafield>
  <datafield tag="260" ind1=" " ind2=" ">
    <subfield code="a">PHNOM PENH</subfield>
    <subfield code="b">RUA</subfield>
    <subfield code="c">2025</subfield>
  </datafield>
  <datafield tag="300" ind1=" " ind2=" ">
    <subfield code="a">xii,38p.</subfield>
    <subfield code="b">ill.</subfield>
    <subfield code="c">29cm.</subfield>
  </datafield>
  <datafield tag="942" ind1=" " ind2=" ">
    <subfield code="c">AVM</subfield>
  </datafield>
  <datafield tag="999" ind1=" " ind2=" ">
    <subfield code="c">25820</subfield>
    <subfield code="d">25820</subfield>
  </datafield>
  <datafield tag="952" ind1=" " ind2=" ">
    <subfield code="0">0</subfield>
    <subfield code="1">0</subfield>
    <subfield code="4">0</subfield>
    <subfield code="6">AVM_CHO_2025_000000000000000_B705_OR_1</subfield>
    <subfield code="7">0</subfield>
    <subfield code="9">106514</subfield>
    <subfield code="a">LBB</subfield>
    <subfield code="b">LBB</subfield>
    <subfield code="c">B705</subfield>
    <subfield code="d">2026-05-26</subfield>
    <subfield code="o">AVM CHO 2025 B705 Or.1</subfield>
    <subfield code="p">B712271</subfield>
    <subfield code="r">2026-05-26</subfield>
    <subfield code="y">AVM</subfield>
  </datafield>
  <datafield tag="952" ind1=" " ind2=" ">
    <subfield code="0">0</subfield>
    <subfield code="1">0</subfield>
    <subfield code="4">0</subfield>
    <subfield code="6">AVM_CHO_2025_000000000000000_B705_OR_2</subfield>
    <subfield code="7">0</subfield>
    <subfield code="9">106515</subfield>
    <subfield code="a">LBB</subfield>
    <subfield code="b">LBB</subfield>
    <subfield code="c">B705</subfield>
    <subfield code="d">2026-05-26</subfield>
    <subfield code="o">AVM CHO 2025 B705 Or.2</subfield>
    <subfield code="p">B712272</subfield>
    <subfield code="r">2026-05-26</subfield>
    <subfield code="y">AVM</subfield>
  </datafield>
</record>
